| 000 | 00714nam a2200217 i 4500 | ||
|---|---|---|---|
| 001 | 58101 | ||
| 003 | ES-MaACL | ||
| 005 | 20230906163728.0 | ||
| 007 | t| | ||
| 008 | 031021s1973 sp ||||1| spa d | ||
| 100 | 1 |
_aDowns, Anthony. _945540 |
|
| 245 | 1 | 0 |
_aTeoría económica de la democracia / _cAnthony Downs ; traducción del inglés por Luis Adolfo Martín Merino. |
| 250 | _a[1ª ed.]. | ||
| 260 |
_a[Madrid] : _bAguilar, _c[1973] |
||
| 300 |
_aXXII, 338 p. ; _c21 cm. |
||
| 490 | 1 | _aBiblioteca de iniciación a la economía | |
| 700 | 1 |
_aMartín Merino, Miguel. _977571 |
|
| 830 | 0 |
_aBiblioteca de iniciación a la economía _9187152 |
|
| 852 |
_aES-MaACL _jC-53868 _bR.87853 |
||
| 999 |
_c58101 _d58101 |
||